000 00345pab a2200133 454500
008 180718b1995 xxu||||| |||| 00| 0 eng d
100 _aKabra, Kamal Nayan
245 _aThe informal sector
_ba reappraisal.
260 _c1995
300 _ap.197-232
650 _aEconomic development
773 _aJournal of Contemporary Asia
909 _a29108
999 _c29108
_d29108